[Event "Tournoi Skype 027A"]
[Site "Skype"]
[Date "????.??.??"]
[Round "4.35"]
[White "Gadow, Martin"]
[Black "Santos, Joselito"]
[Result "1-0"]
[WhiteElo "1530"]
[BlackElo "1428"]
[PlyCount "91"]

1. d4 d5 2. Bf4 Bf5 3. Nd2 Nd7 4. Ngf3 Ngf6 5. c3 c6 6. e3 e6 7. Ne5 Nxe5 8.
Bxe5 Bd6 9. Bg3 O-O 10. Be2 Ne4 11. Nxe4 Bxe4 12. Bf3 f5 13. Bxd6 Qxd6 14. O-O
Rf6 15. Bxe4 fxe4 16. f4 exf3 17. Rxf3 Rxf3 18. Qxf3 Rf8 19. Qh5 Rf5 20. Qe8+
Rf8 21. Qh5 g6 22. Qe2 c5 23. Re1 c4 24. e4 b5 25. exd5 Qxd5 26. Qxe6+ Qxe6 27.
Rxe6 Kf7 28. Ra6 Ra8 29. Kf2 Ke7 30. Ke3 Kd7 31. Ke4 Kc7 32. Rf6 Re8+ 33. Kf3
Re7 34. Kf2 a5 35. a3 a4 36. Rf3 Rg7 37. Re3 Rf7+ 38. Ke2 Kd6 39. Re5 Re7 40.
Rxe7 Kxe7 41. Ke3 Kd6 42. Ke4 h6 43. h4 h5 44. g3 Ke6 45. d5+ Kd6 46. Kd4 1-0

[Event "Tournoi Skype 027A"]
[Site "Skype"]
[Date "????.??.??"]
[Round "4.36"]
[White "Vello, Pablo"]
[Black "L'Herbon De Lussats, Jean"]
[Result "1-0"]
[WhiteElo "1527"]
[BlackElo "1413"]
[PlyCount "59"]

1. d4 Nf6 2. Nc3 d5 3. Bf4 g6 4. Qd2 Bg7 5. O-O-O O-O 6. Bh6 c5 7. Bxg7 Kxg7 8.
e3 Nc6 9. f3 cxd4 10. exd4 a6 11. g4 b5 12. h4 Rh8 13. Nh3 h5 14. g5 Nd7 15.
Nxd5 e6 16. Nc3 Nb6 17. Nf4 Nd5 18. Ncxd5 exd5 19. Bd3 Ne7 20. Kb1 Qc7 21. Qh2
Qd7 22. Qh3 Qd6 23. Qh2 Qd7 24. Rde1 Qd8 25. Qe2 Nf5 26. Bxf5 Bxf5 27. Qe5+ Kg8
28. Nxd5 Ra7 29. Nf6+ Kg7 30. Nxh5+ 1-0

[Event "Tournoi Skype 027A"]
[Site "Skype"]
[Date "????.??.??"]
[Round "4.37"]
[White "Navghane, Rahul"]
[Black "Rodriguez Gonzalez, Jaime Rafael"]
[Result "0-1"]
[WhiteElo "1527"]
[BlackElo "1473"]
[PlyCount "136"]

1. c4 e5 2. d4 exd4 3. Nf3 Nc6 4. e3 Nf6 5. Nxd4 Bb4+ 6. Bd2 Bxd2+ 7. Nxd2 Nxd4
8. exd4 O-O 9. Be2 Re8 10. O-O b6 11. Bf3 Rb8 12. Re1 Ba6 13. b3 d5 14. Rxe8+
Qxe8 15. Qe1 dxc4 16. Qxe8+ Rxe8 17. bxc4 Bc8 18. h3 Kf8 19. a4 a5 20. Nb3 Bd7
21. c5 Be6 22. Nd2 Nd5 23. Ne4 Nb4 24. Ng5 h6 25. Ne4 Bd5 26. cxb6 cxb6 27. Nd2
Bxf3 28. Nxf3 f6 29. Rc1 Nd5 30. g3 Ke7 31. Re1+ Kd7 32. Rxe8 Kxe8 33. Kf1 Nc3
34. Ke1 Nxa4 35. Kd2 b5 36. Kc2 Nb6 37. Nd2 Ke7 38. Kb3 Ke6 39. Kc3 b4+ 40. Kb3
Kd5 41. Nf3 Ke4 42. Nd2+ Kxd4 43. h4 Kd3 44. Nf3 Ke2 45. Nd4+ Kxf2 46. Nf5 g6
47. Nxh6 Kxg3 48. Ng8 Kxh4 49. Nxf6 g5 50. Ng8 g4 51. Nf6 g3 52. Ne4 g2 53. Nd2
Kg5 54. Kb2 g1=Q 55. Nf3+ Kf4 56. Nxg1 Ke3 57. Kb3 Kd4 58. Ne2+ Kc5 59. Nc1 a4+
60. Kb2 Kc4 61. Ne2 a3+ 62. Ka2 Na4 63. Nc1 Nc5 64. Ka1 Nd3 65. Ne2 b3 66. Kb1
b2 67. Ng1 Kb3 68. Nf3 a2# 0-1

[Event "Tournoi Skype 027A"]
[Site "Skype"]
[Date "????.??.??"]
[Round "5.1"]
[White "Lopez, Jose Luis"]
[Black "Figueroa, Tomas"]
[Result "1-0"]
[WhiteElo "1951"]
[BlackElo "2093"]
[PlyCount "55"]

1. e4 e5 2. Nf3 d6 3. d4 exd4 4. Nxd4 Nf6 5. Nc3 Be7 6. Bc4 O-O 7. O-O Re8 8.
Re1 c6 9. h3 a5 10. a4 Na6 11. Bf4 Nc5 12. e5 dxe5 13. Rxe5 Bf8 14. Rxe8 Qxe8
15. Qf3 Ne6 16. Be3 Bd7 17. Rd1 Nc5 18. Nf5 Be6 19. Qf4 Rd8 20. Bxc5 Rxd1+ 21.
Nxd1 Bxc5 22. Nxg7 Kxg7 23. Qg5+ Kh8 24. Qxf6+ Kg8 25. Qg5+ Kh8 26. Qxc5 Bxc4
27. Qxc4 Qe1+ 28. Qf1 1-0

[Event "Tournoi Skype 027A"]
[Site "Skype"]
[Date "????.??.??"]
[Round "5.2"]
[White "Ibarra Cantu, Raul Alberto"]
[Black "Pena, Eduin"]
[Result "1/2-1/2"]
[WhiteElo "1923"]
[BlackElo "1833"]
[PlyCount "74"]

1. c4 e6 2. Nc3 f5 3. g3 Nf6 4. Bg2 c6 5. e4 fxe4 6. Nxe4 d5 7. Nxf6+ Qxf6 8.
cxd5 exd5 9. Qf3 Be7 10. Qxf6 Bxf6 11. Nf3 O-O 12. O-O Bf5 13. d4 Be4 14. Ne5
Bxg2 15. Kxg2 c5 16. Be3 cxd4 17. Bxd4 Nc6 18. Nxc6 bxc6 19. Bxf6 Rxf6 20. Rac1
Re6 21. Rfe1 Rxe1 22. Rxe1 Kf7 23. f4 Re8 24. Rxe8 Kxe8 25. b4 Ke7 26. Kf3 Kf6
27. g4 g6 28. Ke3 Ke6 29. Kd4 Kd6 30. h3 h6 31. a3 a6 32. a4 h5 33. Ke3 Ke6 34.
Kd3 Kd7 35. Kd4 Kd6 36. Ke3 Ke6 37. Kd3 Kd7 1/2-1/2

[Event "Tournoi Skype 027A"]
[Site "Skype"]
[Date "????.??.??"]
[Round "5.3"]
[White "Grosso, Raul"]
[Black "Mayor Martinez, Juan Jose"]
[Result "1-0"]
[WhiteElo "1851"]
[BlackElo "1882"]
[PlyCount "123"]

1. d4 Nf6 2. Bf4 d5 3. e3 c6 4. Bd3 Nbd7 5. Nd2 Nb6 6. h3 e6 7. Ngf3 c5 8. c3
c4 9. Bc2 Bd6 10. Bxd6 Qxd6 11. Qe2 O-O 12. Ne5 Nbd7 13. f4 Ne8 14. Qh5 f5 15.
g4 Nef6 16. Qh4 Ne4 17. Ndf3 Nxe5 18. Nxe5 Qd8 19. Qxd8 Rxd8 20. Bxe4 fxe4 21.
Kd2 Rf8 22. h4 Rb8 23. g5 b5 24. a3 Rb7 25. h5 Bd7 26. h6 g6 27. b4 Ra8 28.
Nxd7 Rxd7 29. a4 Rb7 30. axb5 Rxb5 31. Ra6 Kf7 32. Rha1 Rb7 33. R1a5 Ke7 34.
Kc2 Rc7 35. Kb2 Kd7 36. Ka3 Rb7 37. b5 Rc7 38. b6 axb6 39. Rxd5+ exd5 40. Rxa8
Kc6 41. Kb4 Rd7 42. Rc8+ Kb7 43. Rg8 Kc6 44. Rg7 Rc7 45. Ka4 b5+ 46. Kb4 Rc8
47. Rf7 Rb8 48. Rf6+ Kd7 49. f5 gxf5 50. Rxf5 Ke6 51. Rf6+ Ke7 52. Rc6 Kf7 53.
Kc5 b4 54. cxb4 c3 55. Kxd5 Rxb4 56. Kxe4 Rb3 57. d5 Ra3 58. Kf5 c2 59. Rc7+
Ke8 60. e4 Rf3+ 61. Ke6 Kd8 62. Rxc2 1-0

[Event "Tournoi Skype 027A"]
[Site "Skype"]
[Date "????.??.??"]
[Round "5.4"]
[White "Deville, Olivier"]
[Black "Rapaire, Jean-Michel"]
[Result "1/2-1/2"]
[WhiteElo "2023"]
[BlackElo "1880"]
[PlyCount "52"]

1. d4 d5 2. c4 e6 3. Nf3 Nf6 4. g3 Be7 5. Bg2 O-O 6. O-O b6 7. Qc2 Bb7 8. cxd5
exd5 9. Ne5 Nfd7 10. Bf4 Nxe5 11. Bxe5 c5 12. dxc5 Bxc5 13. Rd1 Re8 14. Bd4 Na6
15. Bxc5 Nxc5 16. Nc3 d4 17. Bxb7 Nxb7 18. Nb5 Rc8 19. Qd2 a5 20. Nxd4 Nc5 21.
e3 Qe7 22. Qe2 g6 23. Qg4 Ne6 24. Nf5 Qf6 25. Nd6 Rc2 26. Rf1 Rd8 1/2-1/2

[Event "Tournoi Skype 027A"]
[Site "Skype"]
[Date "????.??.??"]
[Round "5.5"]
[White "Rico Hernandez, Edgar"]
[Black "Mordaa, Ahmad"]
[Result "1-0"]
[WhiteElo "1882"]
[BlackElo "1571"]
[PlyCount "91"]

1. d4 Nf6 2. c4 g6 3. Nc3 Bg7 4. e4 d6 5. f4 c5 6. d5 O-O 7. Nf3 e6 8. dxe6
Bxe6 9. Bd3 Nc6 10. O-O Bg4 11. h3 Bxf3 12. Qxf3 Nd4 13. Qf2 a6 14. Be3 Ne8 15.
f5 Nc7 16. f6 Bh8 17. Bxd4 cxd4 18. Qxd4 Ne6 19. Qf2 Nc5 20. Bc2 Re8 21. Rae1
Nd7 22. Nd5 Re6 23. g4 Nxf6 24. g5 Rc8 25. b3 Bg7 26. gxf6 Bf8 27. Bd1 h5 28.
Qg3 Re5 29. Rf5 Bh6 30. Rxe5 dxe5 31. Qxe5 Bf8 32. Qg5 Bc5+ 33. Kg2 Kh7 34.
Bxh5 Qf8 35. Bg4 Re8 36. Qh4+ Qh6 37. Qxh6+ Kxh6 38. e5 Bd4 39. e6 fxe6 40.
Rxe6 Rxe6 41. Bxe6 Kg5 42. f7 Bc5 43. Bc8 Kh6 44. Bxb7 a5 45. Nf4 Kg7 46. Ne6+
1-0

[Event "Tournoi Skype 027A"]
[Site "Skype"]
[Date "????.??.??"]
[Round "5.6"]
[White "Montalvo, Mario"]
[Black "Segura Lozano, Marcos Antonio"]
[Result "1/2-1/2"]
[WhiteElo "1707"]
[BlackElo "1808"]
[PlyCount "38"]

1. d4 g6 2. Nc3 Bg7 3. Bf4 d6 4. Qd2 Nc6 5. d5 Ne5 6. e4 Bd7 7. Be2 h6 8. h3 g5
9. Be3 Nf6 10. Nf3 Nxf3+ 11. gxf3 e5 12. h4 Nh7 13. hxg5 Nxg5 14. O-O-O Qe7 15.
Rdg1 Bf6 16. f4 exf4 17. Bxf4 O-O-O 18. f3 Nh3 19. Rxh3 Bxh3 1/2-1/2

[Event "Tournoi Skype 027A"]
[Site "Skype"]
[Date "????.??.??"]
[Round "5.7"]
[White "Karia, Vijay"]
[Black "Khunte, Aniruddha"]
[Result "1-0"]
[WhiteElo "1800"]
[BlackElo "1652"]
[PlyCount "47"]

1. e4 e5 2. Bc4 Nf6 3. Nc3 Nc6 4. d3 a6 5. f4 d6 6. Nf3 Be7 7. O-O O-O 8. f5
Na5 9. Bb3 Nxb3 10. axb3 d5 11. Nxe5 dxe4 12. dxe4 Bc5+ 13. Kh1 Qe7 14. Nd3 Ba7
15. e5 Nd7 16. f6 gxf6 17. Nd5 Qd8 18. exf6 Kh8 19. Bh6 Re8 20. Bg7+ Kg8 21.
Qf3 Ne5 22. Nxe5 Rxe5 23. Qg3 Bf5 24. Qxe5 1-0

[Event "Tournoi Skype 027A"]
[Site "Skype"]
[Date "????.??.??"]
[Round "5.8"]
[White "Lovell, Stan"]
[Black "Caputi, Giuliano"]
[Result "0-1"]
[WhiteElo "1634"]
[BlackElo "1785"]
[PlyCount "80"]

1. d4 Nf6 2. Nc3 d5 3. Bf4 Bf5 4. f3 e6 5. g4 Bg6 6. h4 h5 7. g5 Ng8 8. Qd2 c6
9. e4 Bb4 10. Bg2 Nd7 11. a3 Ba5 12. Nge2 Ne7 13. O-O Nb6 14. b3 Nbc8 15. Qe1
Bc7 16. Bxc7 Qxc7 17. Qg3 Qxg3 18. Nxg3 Nd6 19. Rf2 O-O 20. f4 dxe4 21. Ncxe4
Nxe4 22. Nxe4 Nf5 23. Bh1 Nxd4 24. Rd1 Rad8 25. Kf1 Nf5 26. Re1 Nxh4 27. Rh2
Nf5 28. Bf3 Rd4 29. Kf2 h4 30. Bg4 Rfd8 31. Re2 Ng3 32. Nxg3 Rxf4+ 33. Bf3
hxg3+ 34. Kxg3 Rf5 35. Kg4 Rd4+ 36. Kg3 Rxg5+ 37. Kf2 Rf5 38. Rg2 Rdf4 39. Rg3
Bh5 40. Re3 Bxf3 0-1

[Event "Tournoi Skype 027A"]
[Site "Skype"]
[Date "????.??.??"]
[Round "5.9"]
[White "Martinez Quintero, Javier"]
[Black "Pezzolato, Erica"]
[Result "1-0"]
[WhiteElo "1773"]
[BlackElo "1458"]
[PlyCount "91"]

1. d4 Nf6 2. Nc3 g6 3. e4 d6 4. Bg5 Bg7 5. e5 dxe5 6. dxe5 Qxd1+ 7. Rxd1 Ng4 8.
h3 Nxe5 9. Nd5 O-O 10. Nxc7 Bf5 11. c3 Nbd7 12. Nxa8 Rxa8 13. Bb5 Nc5 14. Bc1
a6 15. Be2 Ned3+ 16. Kf1 Nxc1 17. Rxc1 Rd8 18. Nf3 Bh6 19. Rd1 Bd3 20. Bxd3
Rxd3 21. Ke2 Rxd1 22. Rxd1 Na4 23. Rb1 Bg7 24. Kd2 e5 25. Ne1 e4 26. Nc2 f5 27.
Nd4 Bxd4 28. cxd4 Kf7 29. b3 Nb6 30. Rc1 Nd5 31. g3 b6 32. Rc6 Ke7 33. Rc8 Kf7
34. a3 Kf6 35. b4 Kf7 36. Ra8 f4 37. Rxa6 e3+ 38. Ke1 exf2+ 39. Kxf2 fxg3+ 40.
Kxg3 Kf6 41. a4 Kf5 42. a5 bxa5 43. Rxa5 Ke6 44. b5 Kd7 45. Ra7+ Kc8 46. Rxh7
1-0

[Event "Tournoi Skype 027A"]
[Site "Skype"]
[Date "????.??.??"]
[Round "5.10"]
[White "Zenini, Simone"]
[Black "Prasath, Malola"]
[Result "1/2-1/2"]
[WhiteElo "1460"]
[BlackElo "2035"]
[PlyCount "106"]

1. d4 Nc6 2. Nf3 d5 3. Nc3 Bf5 4. Bf4 f6 5. e3 e6 6. Bd3 Bxd3 7. Qxd3 Bd6 8.
Bg3 Nge7 9. e4 Nf5 10. exf5 exf5 11. O-O f4 12. Rfe1+ Kf8 13. Bh4 g5 14. Bxg5
fxg5 15. Qf5+ Kg7 16. Qxg5+ Qxg5 17. Nxg5 Nxd4 18. Ne6+ Nxe6 19. Rxe6 Rhe8 20.
Rae1 Rxe6 21. Rxe6 Kf7 22. Re2 c6 23. f3 Bc5+ 24. Kf1 Bd4 25. Nd1 Rg8 26. c3
Bc5 27. Nf2 Re8 28. Rxe8 Kxe8 29. g4 fxg3 30. hxg3 Bd6 31. g4 a5 32. Nd3 Kf7
33. Ke2 Kg6 34. f4 h5 35. gxh5+ Kxh5 36. Kf3 Kh4 37. a3 b5 38. b4 a4 39. Ne5
Bxe5 40. fxe5 Kg5 41. Ke3 Kf5 42. Kd4 Ke6 43. Kc5 Kxe5 44. Kxc6 Ke4 45. Kxb5
Kd3 46. Kxa4 Kxc3 47. b5 d4 48. b6 d3 49. b7 d2 50. b8=Q d1=Q+ 51. Ka5 Qd5+ 52.
Qb5 Qa8+ 53. Qa6 Qxa6+ 1/2-1/2

[Event "Tournoi Skype 027A"]
[Site "Skype"]
[Date "????.??.??"]
[Round "5.11"]
[White "Khetre, Gaurav"]
[Black "Elias, Roberto"]
[Result "1/2-1/2"]
[WhiteElo "1642"]
[BlackElo "1876"]
[PlyCount "104"]

1. d4 Nf6 2. c4 e6 3. g3 c5 4. d5 d6 5. Bg2 e5 6. e4 Be7 7. Ne2 Bg4 8. f3 Bd7
9. Nbc3 a6 10. Qd3 O-O 11. O-O Qc8 12. Be3 Bh3 13. Na4 Bxg2 14. Kxg2 Nbd7 15.
Rab1 Rb8 16. Nac3 Bd8 17. a3 Ba5 18. b4 cxb4 19. axb4 Bb6 20. Bg5 h6 21. Bd2
Qc7 22. Na4 Ba7 23. Rfc1 Rfc8 24. Rc2 b5 25. Nb2 bxc4 26. Nxc4 Nb6 27. Rbc1 Qd8
28. Na5 Rxc2 29. Rxc2 Nbxd5 30. exd5 Qb6 31. Be1 e4 32. fxe4 Re8 33. Nc3 Ng4
34. Nc6 Ne3+ 35. Kh3 Nxc2 36. Qxc2 Qg1 37. Nxa7 Qxe1 38. Nc6 Qf1+ 39. Qg2 Qc4
40. Nb1 Qd3 41. Nd2 f5 42. e5 dxe5 43. Nf3 e4 44. Nfd4 e3 45. Qf3 g6 46. d6 Re4
47. d7 Rxd4 48. Nxd4 Qxd4 49. Qa8+ Kg7 50. d8=Q Qg4+ 51. Kg2 Qe2+ 52. Kh3 Qg4+
1/2-1/2

[Event "Tournoi Skype 027A"]
[Site "Skype"]
[Date "????.??.??"]
[Round "5.12"]
[White "Teles, Jeferson Lisboa"]
[Black "Legueltel, Daniel"]
[Result "1-0"]
[WhiteElo "1622"]
[BlackElo "1747"]
[PlyCount "69"]

1. e4 e5 2. Nf3 Nc6 3. Bb5 a6 4. Ba4 d6 5. d4 exd4 6. Nxd4 Bd7 7. Bxc6 Bxc6 8.
Nc3 Nf6 9. Bg5 Be7 10. Qe2 h6 11. Nxc6 bxc6 12. Bxf6 Bxf6 13. O-O O-O 14. Qc4
Qd7 15. Rad1 Rfe8 16. Rb1 Re5 17. Rfd1 Rc5 18. Qxc5 Qe8 19. Qc4 Be5 20. g3 Kh8
21. f4 Bf6 22. e5 dxe5 23. Re1 Qb8 24. fxe5 Qb6+ 25. Kg2 Be7 26. Na4 Qb5 27.
Qxb5 cxb5 28. Nc3 c5 29. Ne4 Bf8 30. Nd6 Ra7 31. Rbd1 b4 32. e6 fxe6 33. Rxe6
a5 34. Re8 Kg8 35. Rf1 1-0

[Event "Tournoi Skype 027A"]
[Site "Skype"]
[Date "????.??.??"]
[Round "5.14"]
[White "Engstrom, Olle"]
[Black "Chavero, Victor"]
[Result "1-0"]
[WhiteElo "1723"]
[BlackElo "1448"]
[PlyCount "103"]

1. e4 d5 2. exd5 Qxd5 3. Nc3 Qd6 4. d4 c6 5. Nf3 e6 6. Bd3 Nf6 7. O-O Nbd7 8.
Qe2 Nd5 9. Ne4 Qc7 10. c4 Nf4 11. Bxf4 Qxf4 12. Rfe1 Be7 13. a3 Nf6 14. Rad1
Bd7 15. Nc3 O-O-O 16. Qe5 Qxe5 17. Nxe5 g5 18. Nxf7 Rhf8 19. Nxd8 Bxd8 20. Ne4
Nh5 21. g3 h6 22. Nd6+ Kb8 23. c5 Nf6 24. b4 Ng4 25. Ne4 h5 26. Be2 e5 27. dxe5
Nxe5 28. Nxg5 Bg4 29. Bxg4 Nxg4 30. Ne4 h4 31. Kg2 hxg3 32. hxg3 Ne5 33. Nd6
Nd7 34. Re8 Rxe8 35. Nxe8 Kc8 36. f4 Be7 37. Kf3 Nf8 38. Ke4 b6 39. Nd6+ Kc7
40. cxb6+ axb6 41. Nf5 Bf6 42. Rd3 Nd7 43. g4 c5 44. g5 c4 45. Rd1 Bh8 46. g6
Nf6+ 47. Kf3 Kc6 48. g7 Bxg7 49. Nxg7 Nd5 50. Ne6 c3 51. Nd4+ Kd6 52. Ke4 1-0

[Event "Tournoi Skype 027A"]
[Site "Skype"]
[Date "????.??.??"]
[Round "5.15"]
[White "Ortiz, Vladimir"]
[Black "Bautista, Leidy"]
[Result "1/2-1/2"]
[WhiteElo "1553"]
[BlackElo "1683"]
[PlyCount "45"]

1. d4 d5 2. Bf4 e6 3. e3 Bd6 4. Bg3 Nf6 5. Bd3 Bxg3 6. hxg3 h6 7. g4 Nh7 8. Nd2
Nc6 9. a3 Bd7 10. c4 Qe7 11. cxd5 exd5 12. Qb3 O-O-O 13. Rc1 Nxd4 14. Qc3 Nc6
15. Qxg7 Ng5 16. Ngf3 Ne6 17. Qc3 d4 18. exd4 Nexd4+ 19. Kf1 Bxg4 20. Nxd4 Nxd4
21. f3 Be6 22. Ne4 Nf5 23. Kf2 1/2-1/2

[Event "Tournoi Skype 027A"]
[Site "Skype"]
[Date "????.??.??"]
[Round "5.16"]
[White "Benson, Paul"]
[Black "Perez, Luis Horacio"]
[Result "1-0"]
[WhiteElo "2080"]
[BlackElo "1327"]
[PlyCount "91"]

1. e4 e5 2. Nf3 d6 3. Bc4 h6 4. d4 Nf6 5. Nc3 Nbd7 6. O-O Be7 7. h3 O-O 8. a4
c6 9. Be3 Re8 10. Nh2 Nf8 11. f4 exf4 12. Bxf4 Ng6 13. Be3 d5 14. Bb3 Bb4 15.
e5 Nh7 16. Qh5 Bf8 17. Kh1 Be6 18. Nf3 Rc8 19. Rad1 a6 20. g4 Nf6 21. exf6 Qxf6
22. Ne5 Qh4 23. Qxh4 Nxh4 24. Bf4 b5 25. Bg3 Ng6 26. Nxg6 fxg6 27. Kg2 b4 28.
Nb1 c5 29. dxc5 Rxc5 30. Bf2 Rc6 31. Rfe1 Rd8 32. Rxe6 Rxe6 33. Rxd5 Rxd5 34.
Bxd5 Kf7 35. Nd2 Bd6 36. Nb3 Ke7 37. Bxe6 Kxe6 38. Nc5+ Bxc5 39. Bxc5 Kd5 40.
Bxb4 g5 41. Bf8 g6 42. Bxh6 Kc4 43. Bxg5 Kb4 44. h4 Kxa4 45. h5 gxh5 46. gxh5
1-0

[Event "Tournoi Skype 027A"]
[Site "Skype"]
[Date "????.??.??"]
[Round "5.17"]
[White "Diaz, Jose Garcia"]
[Black "Perrone, Gabriel Lorenzo"]
[Result "1-0"]
[WhiteElo "1860"]
[BlackElo "1628"]
[PlyCount "83"]

1. e4 c5 2. c4 Nc6 3. Nf3 d6 4. Be2 g6 5. O-O Bg7 6. Nc3 Nf6 7. d3 O-O 8. Rb1
b6 9. h3 Bb7 10. a3 a5 11. Nb5 Na7 12. a4 e6 13. Bg5 h6 14. Be3 d5 15. e5 Nd7
16. d4 Nc6 17. dxc5 bxc5 18. cxd5 Ncxe5 19. d6 Nxf3+ 20. Bxf3 Bxf3 21. Qxf3 Ne5
22. Qd1 Nc4 23. Bxc5 Rc8 24. Bd4 e5 25. Bc3 Rc6 26. Re1 Nxd6 27. Qd5 Qd7 28.
Bxe5 Bxe5 29. Rxe5 Rd8 30. Rd1 Rc2 31. Qb3 Qc6 32. Nd4 Qc4 33. Qxc2 Rc8 34.
Qxc4 Rxc4 35. Rd5 Ne4 36. f3 Nf6 37. Rd8+ Kg7 38. b3 Rc5 39. Ra8 Nd5 40. Ra7
Kg8 41. Nb5 Rc7 42. Nxc7 1-0

[Event "Tournoi Skype 027A"]
[Site "Skype"]
[Date "????.??.??"]
[Round "5.18"]
[White "Le Brun, Yves"]
[Black "Calderon, Francisco"]
[Result "0-1"]
[WhiteElo "1611"]
[BlackElo "1683"]
[PlyCount "117"]

1. d4 d5 2. Nf3 e6 3. Bf4 Nf6 4. e3 Bd6 5. Bg3 c5 6. c3 O-O 7. Bd3 Nc6 8. Ne5
cxd4 9. Nxc6 bxc6 10. exd4 Re8 11. O-O Bxg3 12. hxg3 e5 13. Bc2 e4 14. Re1 Ng4
15. f3 exf3 16. gxf3 Nh6 17. Nd2 Be6 18. Re2 Qg5 19. Nf1 f5 20. Qe1 Re7 21.
Rxe6 Rf7 22. Re8+ Rxe8 23. Qxe8+ Rf8 24. Qe2 f4 25. Kg2 Nf7 26. Re1 h5 27. Qd3
Nh6 28. Re5 Qf6 29. Rxh5 fxg3 30. Nxg3 Kf7 31. Re5 g6 32. Qa6 Kg8 33. Qd3 Nf7
34. Nh5 Qd6 35. Qxg6+ Qxg6+ 36. Bxg6 Nxe5 37. dxe5 Rd8 38. Nf6+ Kf8 39. Kg3 Ke7
40. Bd3 c5 41. f4 c4 42. Be2 d4 43. cxd4 Rxd4 44. Kf3 Rd2 45. Ke3 Rxb2 46. Bxc4
a5 47. Ke4 Rb1 48. Nd5+ Kd8 49. a4 Rc1 50. Kd4 Kd7 51. f5 Rf1 52. f6 Rf2 53.
Ne3 Rf4+ 54. Kd5 Ke8 55. Kd6 Re4 56. Bb5+ Kf7 57. Nd5 Re1 58. Bd7 Re4 59. e6+
0-1

[Event "Tournoi Skype 027A"]
[Site "Skype"]
[Date "????.??.??"]
[Round "5.19"]
[White "Aclan, Levent"]
[Black "Casey, Eamonn"]
[Result "1-0"]
[WhiteElo "1571"]
[BlackElo "1671"]
[PlyCount "39"]

1. e4 e6 2. d4 d5 3. e5 c5 4. c3 Nc6 5. Nf3 cxd4 6. cxd4 Bb4+ 7. Nc3 Nge7 8.
Bd3 Qb6 9. O-O a6 10. a3 Bxc3 11. bxc3 Bd7 12. Rb1 Qc7 13. Qc2 Ng6 14. h4 O-O-O
15. Bg5 Nce7 16. h5 h6 17. hxg6 hxg5 18. Nxg5 f5 19. Nf7 Nxg6 20. Nd6+ 1-0

[Event "Tournoi Skype 027A"]
[Site "Skype"]
[Date "????.??.??"]
[Round "5.22"]
[White "Castillo, Jesus"]
[Black "Mulrooney, Justin"]
[Result "1-0"]
[WhiteElo "1568"]
[BlackElo "1635"]
[PlyCount "81"]

1. e4 e5 2. Nf3 Nc6 3. Bb5 d6 4. O-O Bg4 5. h3 Bh5 6. d3 Be7 7. Nbd2 Nf6 8. Re1
a6 9. Ba4 b5 10. Bb3 Nd4 11. g4 Nxb3 12. axb3 Bg6 13. Nf1 O-O 14. Ng3 h5 15.
gxh5 Nxh5 16. Nxe5 dxe5 17. Nxh5 Bg5 18. Ng3 Bf4 19. Qg4 Bxg3 20. Qxg3 Qd6 21.
Kh1 f5 22. Rg1 Kh7 23. Qh4+ Kg8 24. Qg5 Kh7 25. h4 Qf6 26. h5 Qxg5 27. Rxg5 Be8
28. exf5 Bc6+ 29. Kg1 Rf6 30. Rg6 Bf3 31. Rxf6 gxf6 32. Be3 Bxh5 33. f4 Bg4 34.
fxe5 fxe5 35. Rf1 Rf8 36. Ra1 Rf6 37. d4 e4 38. Kh2 Bxf5 39. Rf1 Kg7 40. d5 Bg4
41. Bd4 1-0

[Event "Tournoi Skype 027A"]
[Site "Skype"]
[Date "????.??.??"]
[Round "5.23"]
[White "Yeter, Orhan"]
[Black "Ram, Madhukesh"]
[Result "0-1"]
[WhiteElo "1632"]
[BlackElo "1523"]
[PlyCount "138"]

1. e4 c5 2. d4 cxd4 3. c3 Nf6 4. e5 Ne4 5. cxd4 Qa5+ 6. Nd2 Nc6 7. Ngf3 e6 8.
Bd3 d5 9. exd6 Nxd6 10. O-O b5 11. Nb3 Qc7 12. Bf4 Bb7 13. Bxb5 Qb6 14. Bd3 Nb4
15. Re1 Nd5 16. Ne5 Nxf4 17. Nc5 Nxd3 18. Qxd3 Nf5 19. Qxf5 exf5 20. Nc4+ Be7
21. Nxb6 axb6 22. Nxb7 Ra7 23. Nd6+ Kd7 24. Nxf5 Kd8 25. Nxe7 Rxe7 26. Rxe7
Kxe7 27. Kf1 Rc8 28. Re1+ Kd6 29. f3 Rc2 30. Re2 Rc1+ 31. Kf2 b5 32. Ke3 b4 33.
Kd2 Ra1 34. Kc2 Rxa2 35. Kb3 Ra1 36. Kxb4 Kd5 37. Rd2 h5 38. Kc3 h4 39. b4 h3
40. gxh3 Ra3+ 41. Kc2 Rxf3 42. Rd3 Rf2+ 43. Rd2 Rf4 44. b5 Rf6 45. Kc3 Rf3+ 46.
Rd3 Rf1 47. b6 Rc1+ 48. Kb4 Kc6 49. d5+ Kxb6 50. d6 Rb1+ 51. Kc3 Rc1+ 52. Kd4
Kc6 53. Ke5 Re1+ 54. Kf4 Rf1+ 55. Kg3 Kd7 56. h4 Rf6 57. h5 Rxd6 58. Rxd6+ Kxd6
59. Kf4 Ke6 60. h3 Kf6 61. h4 Ke6 62. Ke4 f5+ 63. Kf3 Ke5 64. Ke3 f4+ 65. Kf3
Kf5 66. h6 gxh6 67. h5 Kg5 68. Ke4 Kg4 69. Ke5 f3 0-1

[Event "Tournoi Skype 027A"]
[Site "Skype"]
[Date "????.??.??"]
[Round "5.24"]
[White "Trivedi, Viral"]
[Black "Saponara, Jose Maria"]
[Result "0-1"]
[WhiteElo "1535"]
[BlackElo "1714"]
[PlyCount "84"]

1. d4 d5 2. Bf4 Nc6 3. e3 Nf6 4. c3 Bf5 5. Nd2 e6 6. Qb3 Qc8 7. Ngf3 h6 8. Bb5
a6 9. Bxc6+ bxc6 10. Ne5 Bd6 11. Nxc6 Nh5 12. Bxd6 cxd6 13. Qa4 Qd7 14. Nb3 Bc2
15. Rc1 Bxb3 16. axb3 O-O 17. O-O Rfc8 18. Nb4 Qb7 19. Nd3 Nf6 20. b4 Rc7 21.
Qc2 Rac8 22. Qe2 Qb5 23. Rc2 Qc4 24. Rfc1 Nd7 25. e4 dxe4 26. Qxe4 Nf6 27. Qf3
e5 28. dxe5 dxe5 29. Nxe5 Qb5 30. Nd3 Re8 31. h3 Rce7 32. Rd2 Qg5 33. Rdd1 Re2
34. Re1 Qd2 35. Rxe2 Rxe2 36. Kf1 Re8 37. Rd1 Qc2 38. Ra1 Ne4 39. Re1 Nd2+ 40.
Kg1 Nxf3+ 41. gxf3 Rxe1+ 42. Nxe1 Qxb2 0-1

[Event "Tournoi Skype 027A"]
[Site "Skype"]
[Date "????.??.??"]
[Round "5.25"]
[White "Sepulveda, Lyda Marcela"]
[Black "Vello, Pablo"]
[Result "1-0"]
[WhiteElo "1672"]
[BlackElo "1527"]
[PlyCount "115"]

1. e4 e6 2. d4 d5 3. Nd2 Nf6 4. e5 Nfd7 5. c3 c5 6. Bd3 Qb6 7. Ndf3 Nc6 8. Ne2
cxd4 9. cxd4 Bb4+ 10. Bd2 Qa5 11. Nc3 a6 12. O-O Qb6 13. Be3 Be7 14. Qc2 Nb4
15. Qd2 Nxd3 16. Qxd3 Qd8 17. Nd2 Nb6 18. b3 Bd7 19. a4 Bb4 20. Rac1 Rc8 21.
Ne2 Rxc1 22. Rxc1 O-O 23. f4 f6 24. Nf3 Be7 25. Bd2 fxe5 26. Nxe5 Nc8 27. Qc3
Bd6 28. Qg3 Bxe5 29. fxe5 Ne7 30. Nf4 Nf5 31. Qc3 Qb6 32. Ne2 Ne7 33. Qc7 Qxc7
34. Rxc7 Rd8 35. Rxb7 Nc6 36. Bg5 Rb8 37. Rxd7 Rxb3 38. h3 h6 39. Be7 Rb1+ 40.
Kh2 Rf1 41. Bc5 Rf2 42. Ng3 Rf7 43. Rxf7 Kxf7 44. Ne2 Na5 45. g4 Nc4 46. Kg3
Nd2 47. Kf4 g5+ 48. Ke3 Nc4+ 49. Kd3 Nb2+ 50. Kc3 Nc4 51. Kb4 Kg6 52. Nc1 Nd2
53. Ka5 h5 54. Kxa6 hxg4 55. hxg4 Ne4 56. a5 Nf2 57. Kb7 Nxg4 58. a6 1-0

[Event "Tournoi Skype 027A"]
[Site "Skype"]
[Date "????.??.??"]
[Round "5.26"]
[White "Couto, Januario"]
[Black "Kruzeniski, Randy"]
[Result "1/2-1/2"]
[WhiteElo "1612"]
[BlackElo "1509"]
[PlyCount "51"]

1. e4 c5 2. c3 e6 3. Nf3 d5 4. exd5 exd5 5. d3 Nf6 6. g3 Nc6 7. Bg2 Be7 8. O-O
O-O 9. Re1 h6 10. d4 cxd4 11. cxd4 Be6 12. Nc3 Qc7 13. Bf4 Qb6 14. Na4 Qa5 15.
a3 b5 16. b4 Qd8 17. Nc5 Bf5 18. Ne5 Nxe5 19. Bxe5 Rc8 20. Rc1 Ng4 21. Qf3 g6
22. Qxd5 Nxe5 23. Rxe5 Bf6 24. Qxd8 Rfxd8 25. Rd5 Rxd5 26. Bxd5 1/2-1/2

[Event "Tournoi Skype 027A"]
[Site "Skype"]
[Date "????.??.??"]
[Round "5.27"]
[White "Carballo, Jorge"]
[Black "Mantelli, Luca"]
[Result "1/2-1/2"]
[WhiteElo "1594"]
[BlackElo "1388"]
[PlyCount "58"]

1. e4 e5 2. Nf3 Nc6 3. Bc4 Bc5 4. O-O d6 5. h3 Nf6 6. d3 Bd7 7. Bg5 h6 8. Bxf6
Qxf6 9. Nc3 O-O 10. Nd5 Qd8 11. c3 a6 12. d4 exd4 13. cxd4 Ba7 14. Re1 Kh8 15.
e5 dxe5 16. dxe5 Be6 17. Rc1 Qd7 18. Nf4 Qxd1 19. Rexd1 Bxc4 20. Rxc4 Rad8 21.
Rxd8 Rxd8 22. Rc2 g5 23. Ne2 Rd7 24. Ng3 Nd4 25. Nxd4 Bxd4 26. Rd2 c5 27. Nf5
Kh7 28. Kf1 Kg6 29. g4 Rd8 1/2-1/2

[Event "Tournoi Skype 027A"]
[Site "Skype"]
[Date "????.??.??"]
[Round "5.28"]
[White "Hague, Mark"]
[Black "Yardimci, Ertan"]
[Result "1-0"]
[WhiteElo "1490"]
[BlackElo "1591"]
[PlyCount "31"]

1. d4 Nf6 2. Nc3 g6 3. e4 d6 4. f4 Bg7 5. Nf3 Nbd7 6. Be3 O-O 7. h3 Qe8 8. Qd2
a6 9. e5 dxe5 10. fxe5 Nh5 11. Bf2 Bh8 12. g4 Ng7 13. O-O-O b5 14. d5 Nb6 15.
Qh6 Bb7 16. Ng5 1-0